000 02041nam0a2200385 4500
001 RU\NLR\bibl\226004
005 20260407111455.0
021 _aRU
_b2001-49801
_92405
035 _a(NLR Aleph) 000222021
090 _a1290644
_c1290644
100 _a20020129d2001 |||y0rusy50 ca
101 0 _arus
102 _aRU
105 _ay |||||||||
200 1 _aРазвивающее обучение в контексте современного образования
_eСб. ст.
_e[По материалам науч.-практ. конф. "Развивающее обучение: опыт и новые решения"
_fСост. С.Н. Горычева]
210 _aВеликий Новгород
_cНовГУ
_cНРЦРО
_d2001
215 _a120 с.
_d20
300 _aВ надзаг.: М-во образования Рос. Федерации, Новгород. гос. ун-т им. Ярослава Мудрого, Ком. образования Администрации Новгор. обл., Новгор. регион. центр развития образования
320 _aБиблиогр. в конце ст.
606 0 _aДидактика
_jСборники
_91084483
_3RU\NLR\auth\66105464
675 _a37.02(082)
_v3
_zrus
686 _a14
_2rugasnti
686 _a74.202
_2rubbk
686 _aЧ421.2я43
686 _aЧ481.2я43
702 1 _aГорычева
_bС. Н.
_gСветлана Николаевна
_4220
711 1 2 _a"Развивающее обучение: опыт и новые решения", научно-практическая конференция
_eВеликий Новгород
_f2001
_9568483
_3RU\NLR\AUTH\8810035137
712 0 2 _4570
_aНовгородский государственный университет им. Ярослава Мудрого
_9373214
_3RU\NLR\AUTH\889939168
801 0 _aRU
_bRKP
_c20020129
_gPSBO
801 1 _aRU
_bRKP
_c20020129
801 2 _aRU
_bNLR
_c20040701
_grcr
942 _cBOOK
980 _aNB
980 _aNBR